| 000 | 00546nam a2200217 a 4500 | ||
|---|---|---|---|
| 001 | BRCA_7404 | ||
| 005 | 20190320205825.0 | ||
| 008 | 230313s1920----gw-a######---#000-0#ger-# | ||
| 041 | _ager | ||
| 044 | _agw | ||
| 050 | 4 |
_aNK6000 _b.P45 1920 |
|
| 100 | 1 |
_aPelka, Otto _97279 |
|
| 245 | 1 | 0 |
_aBernstein _cvon Otto Pelka. |
| 260 |
_aBerlín _bR. C. Schmidt _c1920 |
||
| 300 |
_a148 p. _bil. |
||
| 440 | 0 |
_aBibliothek fur Kunst-und Antiquitatensammler _v18 _918266 |
|
| 500 | _aQ132 | ||
| 650 | 1 | 4 |
_aÁmbar _918267 |
| 902 | _aGFM | ||
| 942 |
_2lcc _cB |
||
| 999 |
_c7080 _d7080 |
||